000 00475nmm a2200157Ia 4500
008 251105s9999||||xx |||||||||||||||||und||
020 _a9788497885546
041 _aspa
100 _aXifra Triadú, Jordi
245 0 _aTécnicas de las Relaciones Públicas
264 _a[Madrid, España] :
_bUniversitat Oberta de Catalunya,
_c2007
300 _a310 páginas
650 _aEconomics and Business
856 _uhttps://public.digitaliapublishing.com/a/1036
942 _cCF
999 _c90687
_d90687